Focus sur: Patrick Delaney-Podmore - Harry Potter - Statistiques

Statistiques générales
  • Ce quiz a été pris 34 fois
  • Le résultat moyen est 3 sur 5
Statistiques - réponses
Informations recherchées Réponses % Correct
Première apparition Harry Potter et la Chambre des Secrets
85%
Lieu de rencontre avec Harry Potter Cachot n°5 de Poudlard
81%
Espèce Fantôme
74%
"Profession" Directeur du Club des Chasseurs sans tête
48%
Surnom Coupé-Court-Podmore
15%
Aucun quiz correspondant
Distribution des résultats
% des personnes avec chaque résultat
Percentile par nombre de réponses
Votre historique - résultats
Vous n’avez pas pris ce quiz